| 000 | 01774nam a2200229Ia 4500 | ||
|---|---|---|---|
| 003 | Ost | ||
| 005 | 20260507075210.0 | ||
| 008 | 260507s9999||||xx |||||||||||||| ||und|| | ||
| 020 | _a44351599539 | ||
| 040 | _cfsecg | ||
| 041 | _aara | ||
| 082 | _a330 | ||
| 100 |
_aولد امين، محمد فال الحسن _eمؤلف |
||
| 245 | 0 |
_aالمساهمات العينية في الشركات التجارية : _bدراسة مقارنة / _c محمد فال الحسن ولد امين |
|
| 260 |
_aبيروت: _bمجد المؤسسة الجامعية, _c2009 |
||
| 300 |
_a407 صفحة؛ _c24 سم |
||
| 520 | _aحماية حقوق الغير من خلال إخضاع المساهمة بالعين للتقويم بالتطرق إلى تقويم المساهمات العينية و قصورالنظام القانوني للتقويم و الحماية من خلال إقرار مبدأالتسديد الفوري للمساهمةالعينية بالتطرق إلى مدى قابلية المساهمة العينية للتسديد الفوري و تحقيق الفورية لحماية حقوق الغير ، التوسع في التزامات المساهم بالعين بالتطرق إلى تشبيه المساهم على وجه التمليك بالبائع و تشبيه المساهم بالعين على وجه الانتفاع بالمكري ، التضييق في الحقوق المترتبة على المساهمة بالعين بالتطرق إلى القيود الواردة على الحقوق غير المالية و القيود الواردة على الحقوق المالية لللمساهم بالعين . | ||
| 653 | _aالأعمال التجارية | ||
| 653 | _aالشركات | ||
| 653 | _aالمساهمون | ||
| 942 | _cكتاب | ||
| 999 |
_c43457 _d43457 |
||